Która piosenka ma więcej wyświetleń? - Statystyki

Ogólne statystyki
  • Ten quiz został rozwiązany 390 razy
  • Średni wynik to 5 z 10
Statystyki odpowiedzi
Zagadnienie Odpowiedź % Poprawnych
"Brzydkie Rzeczy" czy "1998 (mam to we krwi)" (Bedoes) "1998 (mam to we krwi)"
82%
"Ona by tak chciała" czy "Język ciała" (Jedne z najpopularniejszych utworów) "Ona by tak chciała"
82%
"Half Dead" czy "Candy" (Quebonafide) "Half Dead"
64%
"T-Killa" czy "Biełyje Nosy" (TEDE) "Biełyje Nosy"
55%
"Naajak" czy "1szy Nos" (Malik Montana) "Naajak"
55%
"6 zer" czy "Następna stacja" (Taco Hemingway) "6 zer"
45%
"Pokerface" czy "Havana" (Blacha) "Havana"
45%
"Rockstar" czy "Noc" (White 2115) "Noc"
36%
"Papierosy_rmx" czy "UA" (ReTo) "UA"
36%
"Ból" czy "Intercontinental Bajers" (Białas) "Ból"
27%
Nie znaleziono quizów pasujących do podanych kryteriów
Rozkład punktacji
Procent ludzi z każdym wynikiem
Percentyl według liczby udzielonych odpowiedzi
Twoja historia wyników
Nie rozwiązałeś tego quizu